[Event "I Festival dell'Etna A"]
[Site "Nicolosi ITA"]
[Date "2014.12.08"]
[Round "6"]
[White "Manakova, Maria"]
[Black "Tondo, Salvatore"]
[WhiteElo "2352"]
[BlackElo "1895"]
[Result "1-0"]
[PlyCount "61"]
[EventDate "2014.12.05"]

1. e4 c5 2. f4 Nc6 3. Nf3 g6 4. Nc3 Bg7 5. Be2 e6 6. O-O d6 7. d3 Nge7 8. Be3
Nd4 9. Qd2 Nec6 10. Nd1 Nxf3+ 11. Bxf3 Nd4 12. Bg4 f5 13. Bh3 b6 14. c3 Nc6 15.
Nf2 d5 16. exd5 exd5 17. d4 c4 18. g3 O-O 19. Bg2 Bb7 20. Nh3 Qf6 21. Bxd5+ Kh8
22. Ng5 Na5 23. Bxb7 Nxb7 24. d5 Nc5 25. Bxc5 bxc5 26. Rfe1 Rfe8 27. Rxe8+ Rxe8
28. Re1 Rxe1+ 29. Qxe1 h6 30. Qe8+ Bf8 31. d6 1-0

[Event "I Festival dell'Etna A"]
[Site "Nicolosi ITA"]
[Date "2014.12.08"]
[Round "6"]
[White "Marzaduri, Riccardo"]
[Black "Lalic, Bogdan"]
[WhiteElo "2132"]
[BlackElo "2479"]
[Result "1/2-1/2"]
[PlyCount "22"]
[EventDate "2014.12.05"]

1. e4 c5 2. Nf3 d6 3. d4 cxd4 4. Nxd4 Nf6 5. Nc3 Nc6 6. Be2 e5 7. Nb3 Be7 8.
O-O O-O 9. Be3 Be6 10. f4 exf4 11. Rxf4 Nd7 1/2-1/2

[Event "I Festival dell'Etna A"]
[Site "Nicolosi ITA"]
[Date "2014.12.08"]
[Round "6"]
[White "Mihajlova, Diana"]
[Black "La Franca, Vincenzo"]
[WhiteElo "1478"]
[BlackElo "1591"]
[Result "1-0"]
[PlyCount "120"]
[EventDate "2014.12.05"]

1. e4 e6 2. d4 d5 3. Nd2 dxe4 4. Nxe4 Nf6 5. Bg5 Nbd7 6. Nf3 Be7 7. Bd3 h6 8.
Bh4 Nxe4 9. Bxe7 Qxe7 10. Bxe4 Nf6 11. Bd3 O-O 12. Qd2 a6 13. O-O b5 14. Ne5
Bb7 15. Rae1 Qd6 16. c3 Rad8 17. Re3 Qd5 18. Rg3 Nh5 19. Rf3 Qxa2 20. Rh3 Qd5
21. f3 Nf6 22. Rxh6 Ne4 23. Bxe4 Qxe5 24. Bh7+ Kh8 25. Rh3 Bc8 26. Re1 Qf6 27.
Re4 e5 28. Bf5+ Kg8 29. Reh4 Qxh4 30. Rxh4 Bxf5 31. Qg5 Bg6 32. Qxe5 c6 33. f4
Rfe8 34. Qc5 Re2 35. f5 Rxb2 36. Qe7 Rf8 37. fxg6 Rb1+ 38. Kf2 fxg6+ 39. Kg3
Rbf1 40. Qe6+ R8f7 41. Qe8+ Rf8 42. Qxg6 R1f6 43. Qh7+ Kf7 44. Rg4 Rg8 45. Rf4
Rxf4 46. Kxf4 Rf8 47. Kg5 a5 48. Qg6+ Kg8 49. Qxc6 Rf2 50. h4 a4 51. Qd5+ Kh7
52. Qe4+ Kg8 53. Kg6 Rf6+ 54. Kg5 a3 55. Qd5+ Kh7 56. Qa2 Rg6+ 57. Kf5 Ra6 58.
d5 Ra4 59. h5 b4 60. cxb4 Rxb4 1-0

[Event "I Festival dell'Etna A"]
[Site "Nicolosi ITA"]
[Date "2014.12.08"]
[Round "6"]
[White "Musso, Andrea"]
[Black "Lombardo, Corrado"]
[WhiteElo "1697"]
[BlackElo "1855"]
[Result "0-1"]
[PlyCount "104"]
[EventDate "2014.12.05"]

1. e4 c5 2. c3 Nf6 3. e5 Nd5 4. d4 cxd4 5. cxd4 Nc6 6. Nf3 d6 7. Bc4 Nb6 8. Bb5
d5 9. Nc3 Bf5 10. Nh4 Bd7 11. f4 Nb4 12. Bxd7+ Qxd7 13. a3 Nc6 14. O-O Rc8 15.
Nf3 e6 16. Rf2 Be7 17. Bd2 Na5 18. Rc1 Nac4 19. Be1 Ne3 20. Qd3 Nf5 21. Rfc2
Nc4 22. Nd1 O-O 23. Nd2 Nxd4 24. Rc3 Nxd2 25. Qxd2 Nf5 26. Bf2 a6 27. Bb6 Rc6
28. Rxc6 bxc6 29. a4 Rc8 30. b4 c5 31. bxc5 Qxa4 32. Nb2 Qd4+ 33. Qxd4 Nxd4 34.
Kh1 Nc6 35. Nd3 Kf8 36. Ra1 Ra8 37. h3 Ke8 38. Bc7 Kd7 39. Bd6 a5 40. Kg1 Ra7
41. Kf2 Rb7 42. Ke2 Rb3 43. Kd2 Bd8 44. Kc2 Nd4+ 45. Kd2 Rb7 46. Kc3 Ne2+ 47.
Kd2 Ng3 48. Kc2 Ne4 49. Kd1 Rb5 50. Kc2 Kc6 51. Kd1 Rb3 52. Kc2 Rc3+ 0-1

[Event "I Festival dell'Etna A"]
[Site "Nicolosi ITA"]
[Date "2014.12.08"]
[Round "6"]
[White "Pace, Colin"]
[Black "Ljubisavljevic, Zivojin Z."]
[WhiteElo "2095"]
[BlackElo "2161"]
[Result "0-1"]
[PlyCount "88"]
[EventDate "2014.12.05"]

1. e4 e6 2. d4 d5 3. Nd2 c5 4. exd5 exd5 5. Ngf3 Nc6 6. Bb5 Bd6 7. dxc5 Bxc5 8.
O-O Nge7 9. Nb3 Bb6 10. c3 O-O 11. Bf4 Ng6 12. Bg3 f5 13. Bxc6 bxc6 14. Be5
Nxe5 15. Nxe5 Qd6 16. Nc4 Qf6 17. Nxb6 axb6 18. Qd4 Qxd4 19. Nxd4 c5 20. Nc6
Bb7 21. Ne5 Rfd8 22. Rfd1 g5 23. h4 gxh4 24. Kh2 Kg7 25. Nf3 Kf6 26. Nxh4 d4
27. cxd4 Rxd4 28. Rxd4 cxd4 29. Rd1 Rd8 30. Kg1 d3 31. Rd2 Rd4 32. g3 f4 33.
Ng2 fxg3 34. fxg3 Ke5 35. Nf4 Ke4 36. Kf2 Rd6 37. a3 Ba6 38. Ng2 Rf6+ 39. Nf4
Kd4 40. Rd1 h5 41. Kg2 Bb7+ 42. Kh3 Rxf4 43. gxf4 Bf3 44. Rf1 d2 0-1

[Event "I Festival dell'Etna A"]
[Site "Nicolosi ITA"]
[Date "2014.12.08"]
[Round "6"]
[White "Paladino, Antonio"]
[Black "Nobile, Stefano"]
[WhiteElo "1537"]
[BlackElo "1803"]
[Result "0-1"]
[PlyCount "94"]
[EventDate "2014.12.05"]

1. e4 d6 2. d4 Nf6 3. Nc3 e5 4. dxe5 dxe5 5. Qxd8+ Kxd8 6. Bg5 c6 7. O-O-O+ Ke8
8. h3 Bc5 9. f3 b5 10. Bd3 Nfd7 11. Kb1 a5 12. Ka1 f6 13. Nge2 fxg5 14. Ng3 g6
15. h4 Bf2 16. Nce2 gxh4 17. Rxh4 Nf6 18. Rf1 Be3 19. f4 exf4 20. e5 Nd5 21.
Ne4 Na6 22. Nd6+ Ke7 23. Bxg6 Be6 24. Be4 Nac7 25. Bf3 Raf8 26. Rh6 Bc5 27. Ne4
Ne3 28. Rc1 Bb6 29. Kb1 Ncd5 30. Ng5 Nc7 31. Bxc6 Rf5 32. Nf3 Nxg2 33. Rch1 Bg8
34. Be4 Ne3 35. Bxf5 Nxf5 36. Rxb6 Bd5 37. Rf1 Ne3 38. Rf2 Nc4 39. Rf6 Bxf3 40.
Nxf4 Nxe5 41. Rb6 Rf8 42. Nd3 Nxd3 43. cxd3 h5 44. Rh6 Rf7 45. Kc2 Bd1+ 46.
Kxd1 Rxf2 47. Rxh5 Rxb2 0-1

[Event "I Festival dell'Etna A"]
[Site "Nicolosi ITA"]
[Date "2014.12.08"]
[Round "6"]
[White "Pisacane, Pietro"]
[Black "Vesce, Emanuele"]
[WhiteElo "2110"]
[BlackElo "1895"]
[Result "1/2-1/2"]
[PlyCount "58"]
[EventDate "2014.12.05"]

1. d4 Nf6 2. c4 g6 3. d5 c6 4. Nc3 cxd5 5. cxd5 d6 6. e4 Bg7 7. Be2 Nbd7 8. Nf3
O-O 9. Be3 Nc5 10. Nd2 Bd7 11. O-O b5 12. b4 Na4 13. Nxa4 bxa4 14. Rb1 a6 15.
f3 Bb5 16. Nc4 Nd7 17. Qd2 Bxc4 18. Bxc4 Ne5 19. Be2 Qd7 20. Rfc1 f5 21. f4 Ng4
22. Bxg4 fxg4 23. Rc6 e5 24. fxe5 Bxe5 25. Rbc1 Qe7 26. Bg5 Qa7+ 27. Be3 Qe7
28. Bg5 Qa7+ 29. Be3 Qe7 1/2-1/2

[Event "I Festival dell'Etna A"]
[Site "Nicolosi ITA"]
[Date "2014.12.08"]
[Round "6"]
[White "Rosolia, Giuseppe"]
[Black "Seminara, Antonio"]
[WhiteElo "1806"]
[BlackElo "1963"]
[Result "0-1"]
[PlyCount "75"]
[EventDate "2014.12.05"]

1. Nf3 d5 2. d3 c5 3. Nbd2 Nc6 4. e4 g6 5. g3 Bg7 6. Bg2 Nf6 7. O-O Bg4 8. h3
Bxf3 9. Bxf3 Qd7 10. Bg2 O-O 11. exd5 Nxd5 12. a3 Rac8 13. Nc4 b5 14. Ne3 e6
15. Rb1 Rfd8 16. Nxd5 exd5 17. Be3 d4 18. Bg5 f6 19. Bd2 c4 20. dxc4 bxc4 21.
Kh2 Ne5 22. Ba5 Re8 23. f4 Nf7 24. Bb4 f5 25. Re1 Rxe1 26. Bxe1 Nd6 27. b3 c3
28. Qd3 Re8 29. Bf2 Ne4 30. Bg1 Nd2 31. Rd1 Qe6 32. Bf2 Qe2 33. Qxe2 Rxe2 34.
Bd5+ Kf8 35. Kg2 Ne4 36. Bxe4 fxe4 37. Kg1 e3 38. Be1 0-1

[Event "I Festival dell'Etna A"]
[Site "Nicolosi ITA"]
[Date "2014.12.08"]
[Round "6"]
[White "Russo, Carmelo"]
[Black "Tirenna, Francesco"]
[WhiteElo "1647"]
[BlackElo "1422"]
[Result "0-1"]
[PlyCount "86"]
[EventDate "2014.12.05"]

1. d4 d5 2. c4 e5 3. e3 exd4 4. Qxd4 Nf6 5. cxd5 Qxd5 6. Qxd5 Nxd5 7. Nf3 Bg4
8. Ne5 Bh5 9. Bd2 Bd6 10. Nc4 Bb4 11. a3 Bxd2+ 12. Nbxd2 Nc6 13. Rc1 O-O-O 14.
b4 Rhe8 15. g3 Nd4 16. Bh3+ Kb8 17. g4 Bg6 18. Kf1 Bd3+ 19. Kg2 Ne2 20. Ra1 g6
21. Nb2 Bb5 22. Rhe1 Ndc3 23. Kh1 Rxd2 24. a4 Bc6+ 25. Bg2 Bxg2+ 26. Kxg2 Rxb2
27. b5 Re4 28. Kf3 Rxa4 29. Rxe2 Rxe2 30. Rxa4 Rb2 31. Rd4 Kc8 32. Rf4 Rxb5 33.
Rxf7 a5 34. Rxh7 a4 35. Rh8+ Kd7 36. Rh7+ Kd8 37. Rh8+ Ke7 38. Rh7+ Kd6 39. Rg7
a3 40. Rxg6+ Ke5 41. h4 a2 42. h5 a1=Q 43. h6 Qh1+ 0-1

[Event "I Festival dell'Etna A"]
[Site "Nicolosi ITA"]
[Date "2014.12.08"]
[Round "6"]
[White "Sardo, Gabriele"]
[Black "Bifulco, Michel"]
[WhiteElo "2211"]
[BlackElo "2110"]
[Result "1/2-1/2"]
[PlyCount "68"]
[EventDate "2014.12.05"]

1. d4 g6 2. c4 f5 3. g3 Nf6 4. Bg2 Bg7 5. Nc3 d6 6. d5 c6 7. Nh3 e5 8. dxe6
Bxe6 9. Qd3 Na6 10. Bf4 Nb4 11. Qd2 Bxc4 12. Bxd6 Nc2+ 13. Qxc2 Qxd6 14. O-O
Bf7 15. Ng5 O-O 16. Nxf7 Rxf7 17. Rad1 Qf8 18. Na4 Kh8 19. e3 Rc8 20. Rd2 Rd7
21. Rfd1 Rcd8 22. b3 Rxd2 23. Rxd2 Rxd2 24. Qxd2 Qe7 25. Qd4 a6 26. Qa7 Bf8 27.
Qb8 Kg7 28. Nb6 Ne8 29. Nc4 Qd7 30. Bf3 Nd6 31. Ne5 Qe8 32. Qc7+ Qe7 33. Nd7
Kf7 34. Ne5+ Kg7 1/2-1/2

[Event "I Festival dell'Etna A"]
[Site "Nicolosi ITA"]
[Date "2014.12.08"]
[Round "6"]
[White "Savalla, Pietro"]
[Black "Zuccarotto, Salvatore"]
[WhiteElo "1919"]
[BlackElo "1727"]
[Result "0-1"]
[PlyCount "86"]
[EventDate "2014.12.05"]

1. d4 d5 2. Nf3 Nf6 3. e3 g6 4. Be2 Bg7 5. O-O O-O 6. Nbd2 Nbd7 7. c3 Re8 8.
Qc2 c5 9. Nb3 cxd4 10. exd4 Ne4 11. Nbd2 e5 12. dxe5 Nxe5 13. Nxe5 Rxe5 14.
Nxe4 dxe4 15. Be3 Bf5 16. Bc4 b6 17. Qb3 Qe8 18. Bd4 Re7 19. Bxg7 Kxg7 20. Bb5
Qc8 21. Qc4 Qxc4 22. Bxc4 e3 23. f3 Rd8 24. Rad1 Rd2 25. Rxd2 exd2 26. Kf2 Bc2
27. Be2 a5 28. g4 Kf6 29. h4 h5 30. gxh5 gxh5 31. Rg1 Re5 32. c4 Ke6 33. Bd1
Bd3 34. b3 Kd6 35. Rg8 Kc5 36. Rd8 Re1 37. Rxd3 Rxd1 38. Ke2 Rh1 39. Rxd2 Rxh4
40. Kd3 Rd4+ 41. Kc3 Rxd2 42. Kxd2 Kd4 43. Ke2 Kc3 0-1

[Event "I Festival dell'Etna A"]
[Site "Nicolosi ITA"]
[Date "2014.12.08"]
[Round "6"]
[White "Signorelli, Gaetano"]
[Black "Furnari, Francesco"]
[WhiteElo "2091"]
[BlackElo "1850"]
[Result "1-0"]
[PlyCount "110"]
[EventDate "2014.12.05"]

1. e4 d5 2. exd5 Qxd5 3. Nf3 Nf6 4. d4 Bf5 5. c4 Qd8 6. Nc3 e6 7. Be3 Be7 8.
Bd3 Bxd3 9. Qxd3 Nbd7 10. Rd1 O-O 11. O-O a6 12. Rfe1 c6 13. Bf4 Re8 14. h3 h6
15. Qe3 Qa5 16. Ne5 Bf8 17. a3 Nxe5 18. dxe5 Nh7 19. Rd7 Rab8 20. Red1 b5 21.
cxb5 cxb5 22. Ne4 Red8 23. b4 Rxd7 24. Rxd7 Qb6 25. Qd3 Qc6 26. Be3 a5 27. Nc5
axb4 28. axb4 Qa8 29. f4 Qc6 30. Ra7 g5 31. f5 exf5 32. Qxf5 Qg6 33. Qd7 Bxc5
34. Bxc5 Qe6 35. Qxe6 fxe6 36. Bd6 Rb6 37. Re7 g4 38. Rxe6 gxh3 39. gxh3 Ng5
40. Re8+ Kf7 41. Re7+ Kg6 42. Kg2 Nf7 43. Re6+ Kh5 44. Rf6 Rb7 45. Bc5 Kg5 46.
Be3+ Kh5 47. e6 Ng5 48. h4 Kxh4 49. Rxh6+ Kg4 50. Rg6 Kf5 51. Rxg5+ Kxe6 52.
Kf3 Kd6 53. Bc5+ Ke6 54. Ke4 Kf6 55. Rf5+ Ke6 1-0

[Event "I Festival dell'Etna A"]
[Site "Nicolosi ITA"]
[Date "2014.12.08"]
[Round "6"]
[White "Tiviakov, Sergei"]
[Black "Savina, Anastasia"]
[WhiteElo "2677"]
[BlackElo "2397"]
[Result "1/2-1/2"]
[PlyCount "120"]
[EventDate "2014.12.05"]

1. e4 c5 2. Nf3 Nc6 3. Bb5 Nf6 4. Nc3 g6 5. e5 Ng4 6. Bxc6 dxc6 7. h3 Nh6 8. g4
Bg7 9. d3 O-O 10. Bf4 f6 11. Qe2 Nxg4 12. hxg4 fxe5 13. Bg3 Bxg4 14. Rxh7 Bxf3
15. Rxg7+ Kxg7 16. Qxe5+ Kf7 17. Qxc5 Qb6 18. Qc4+ Bd5 19. Nxd5 cxd5 20. Qxd5+
Qe6+ 21. Qxe6+ Kxe6 22. a4 Rf6 23. c4 a5 24. Ra3 Kd7 25. Rb3 Kc6 26. Kd2 Raf8
27. Ke2 Rh8 28. d4 Rh1 29. Re3 Kd7 30. d5 Rc1 31. Kd3 b6 32. Kd4 Rd1+ 33. Kc3
Rc1+ 34. Kb3 g5 35. Re4 Ra1 36. Re3 g4 37. Re4 Rf3+ 38. Kc2 Rxa4 39. Bh4 Rf7
40. Rxg4 b5 41. b3 Rb4 42. f3 a4 43. cxb5 axb3+ 44. Kb2 Rxb5 45. Re4 Rxf3 46.
Rxe7+ Kd6 47. Re2 Kxd5 48. Be1 Kd4 49. Rh2 Kc4 50. Rh4+ Kd3 51. Bb4 Ke2 52.
Re4+ Kf1 53. Rc4 Rd3 54. Rf4+ Ke2 55. Rc4 Rb8 56. Bc3 Rd5 57. Bb4 Rd3 58. Bc3
Kf3 59. Rb4 Rxb4 60. Bxb4 Ke4 1/2-1/2

[Event "I Festival dell'Etna A"]
[Site "Nicolosi ITA"]
[Date "2014.12.08"]
[Round "6"]
[White "Todaro, Adriano"]
[Black "Amato, Angelo"]
[WhiteElo "1748"]
[BlackElo "1659"]
[Result "1-0"]
[PlyCount "75"]
[EventDate "2014.12.05"]

1. e4 d6 2. c4 Nf6 3. Nc3 g6 4. g3 Bg7 5. Bg2 O-O 6. Nge2 Bg4 7. O-O e5 8. f3
Be6 9. d3 Nc6 10. Nd5 Nd4 11. Nxd4 exd4 12. Bg5 c6 13. Nxf6+ Bxf6 14. Bh6 Re8
15. Qd2 b5 16. cxb5 cxb5 17. f4 Rc8 18. f5 Bd7 19. fxg6 hxg6 20. Qf2 Re6 21.
Bh3 Kh7 22. Bxe6 Bxe6 23. Qxf6 Qxf6 24. Rxf6 Kxh6 25. a4 b4 26. Rf2 Rc5 27. a5
f5 28. Ra4 fxe4 29. dxe4 d3 30. Rxb4 Rc1+ 31. Kg2 Rc2 32. Rd4 Bh3+ 33. Kf3 Bg4+
34. Ke3 Re2+ 35. Rxe2 dxe2 36. Kf2 d5 37. exd5 Kg7 38. Rxg4 1-0

[Event "I Festival dell'Etna A"]
[Site "Nicolosi ITA"]
[Date "2014.12.08"]
[Round "6"]
[White "Valguarnera, Girolamo"]
[Black "Santagati, Alessandro"]
[WhiteElo "2080"]
[BlackElo "2212"]
[Result "0-1"]
[PlyCount "112"]
[EventDate "2014.12.05"]

1. e4 e6 2. d4 d5 3. Nc3 Nc6 4. e5 Nge7 5. Nf3 Nf5 6. a3 Bd7 7. Be2 h5 8. b3
Be7 9. Na4 b6 10. Nb2 Bc8 11. c3 Nb8 12. Nd3 c5 13. b4 c4 14. Nb2 a5 15. Bd2 b5
16. Qc1 Nc6 17. Nd1 Bd7 18. Ne3 Nh6 19. O-O Qb6 20. Ne1 h4 21. f4 Nf5 22. Nxf5
exf5 23. Nc2 Be6 24. Kh1 O-O 25. Qb2 Ra6 26. Ne3 Qa7 27. Bf3 Rd8 28. Rfb1 h3
29. a4 hxg2+ 30. Bxg2 Qb6 31. bxa5 Rxa5 32. axb5 Rxa1 33. Rxa1 Na5 34. Rf1 Nb3
35. Bh3 Qxb5 36. Qc2 Ra8 37. Be1 Ra1 38. Bxf5 Kf8 39. Bxe6 fxe6 40. Qg6 Nc1 41.
f5 Qb1 42. Nxd5 Qe4+ 43. Qg2 Qxg2+ 44. Kxg2 exd5 45. Bg3 Nb3 46. Rxa1 Nxa1 47.
Bf4 Nc2 48. Kg3 Na3 49. Kg4 Nb1 50. Kh5 Nxc3 51. Kg6 Ne4 52. f6 gxf6 53. e6 Ng5
54. Kf5 c3 55. Bc1 Nf3 56. h3 Nxd4+ 0-1

[Event "I Festival dell'Etna A"]
[Site "Nicolosi ITA"]
[Date "2014.12.08"]
[Round "7"]
[White "Aceto, Andrea"]
[Black "Gelardi, Davide"]
[WhiteElo "1771"]
[BlackElo "1863"]
[Result "0-1"]
[PlyCount "110"]
[EventDate "2014.12.05"]

1. d4 c5 2. Nf3 g6 3. e3 Bg7 4. Nc3 Nh6 5. Bc4 a6 6. a4 O-O 7. O-O Nc6 8. d5
Na5 9. Qe2 Nxc4 10. Qxc4 d6 11. Bd2 Bd7 12. Rfe1 Rb8 13. Rab1 b5 14. axb5 axb5
15. Qf4 Nf5 16. h3 e5 17. Qh2 b4 18. Ne4 Qc7 19. c4 Ne7 20. Ng3 f5 21. e4 f4
22. Ne2 h6 23. Nxf4 exf4 24. Bxf4 Rxf4 25. Qxf4 g5 26. Qe3 Ng6 27. Qd2 Rf8 28.
Ra1 Bxh3 29. Nxg5 hxg5 30. gxh3 Nh4 31. Re3 Nf3+ 32. Rxf3 Rxf3 33. Ra8+ Kh7 34.
Qxg5 Qf7 35. Qh4+ Bh6 36. Rd8 Rf6 37. Kf1 Qe7 38. Re8 Rxf2+ 39. Qxf2 Qxe8 40.
Qf5+ Qg6 41. Qxg6+ Kxg6 42. b3 Kh5 43. Ke2 Bf4 44. Kf2 Kh4 45. Kf3 Bg3 46. Kg2
Be5 47. Kf3 Kxh3 48. Kf2 Kg4 49. Ke3 Bd4+ 50. Kd3 Kf4 51. Kc2 Kxe4 52. Kd2 Bc3+
53. Kc2 Ke3 54. Kc1 Kd3 55. Kb1 Kd2 0-1

[Event "I Festival dell'Etna A"]
[Site "Nicolosi ITA"]
[Date "2014.12.08"]
[Round "7"]
[White "Amato, Angelo"]
[Black "Cervellione, Piernicola"]
[WhiteElo "1659"]
[BlackElo "1431"]
[Result "0-1"]
[PlyCount "124"]
[EventDate "2014.12.05"]

1. d4 Nf6 2. f3 d5 3. Nc3 Bf5 4. e3 e6 5. b3 c5 6. Bb5+ Nbd7 7. g4 Bg6 8. Bb2
a6 9. Bd3 Bxd3 10. Qxd3 cxd4 11. exd4 Bb4 12. Nge2 Rc8 13. a3 Ba5 14. b4 Bb6
15. Na4 Ba7 16. c3 O-O 17. Bc1 Re8 18. O-O Nb6 19. Nc5 Qc7 20. Bf4 Qc6 21. Be5
Nfd7 22. Qe3 Nxe5 23. dxe5 Nc4 24. Qf4 Bxc5+ 25. bxc5 Qxc5+ 26. Qd4 Qxd4+ 27.
cxd4 Rc6 28. f4 Rec8 29. f5 Ne3 30. Rf4 Rc2 31. Kf2 Nc4 32. fxe6 fxe6 33. Rb1
b5 34. a4 Rb8 35. axb5 Rxb5 36. Rf1 Rb8 37. h4 Rf8 38. Rxf8+ Kxf8 39. Kg1+ Ke7
40. Nf4 a5 41. Nh5 a4 42. Nxg7 a3 43. g5 Ne3 44. Rf6 a2 45. Rxe6+ Kd7 46. Rd6+
Kc8 47. Ra6 Rc1+ 48. Kf2 a1=Q 49. Rxa1 Rxa1 50. e6 Ra7 51. Kxe3 Rxg7 52. Kf4
Kd8 53. Ke5 Ke7 54. Kxd5 Rg6 55. Ke5 Rxe6+ 56. Kf5 Re1 57. Kg4 Kf7 58. Kh5 Kg7
59. d5 Rd1 60. Kg4 Rxd5 61. Kh5 Rd4 62. g6 hxg6+ 0-1

[Event "I Festival dell'Etna A"]
[Site "Nicolosi ITA"]
[Date "2014.12.08"]
[Round "7"]
[White "Bandieramonte, Enrico"]
[Black "Bruno, Alessio"]
[WhiteElo "1665"]
[BlackElo "1338"]
[Result "1-0"]
[PlyCount "73"]
[EventDate "2014.12.05"]

1. Nf3 Nf6 2. g3 g6 3. Bg2 d5 4. d3 Bg7 5. O-O c5 6. Nc3 Nc6 7. Bg5 e6 8. e4 d4
9. Nb5 a6 10. Na3 e5 11. c4 O-O 12. Nc2 Bg4 13. h3 Be6 14. Qc1 Qd7 15. Kh2 Rfe8
16. Bh6 Rad8 17. Bxg7 Kxg7 18. a3 Na5 19. Rb1 Nb3 20. Qd1 a5 21. a4 Qc7 22. Na3
Qb6 23. Nb5 Nxe4 24. Qxb3 Nd6 25. Nxe5 Bxh3 26. Bxh3 Rxe5 27. Kg1 Rh5 28. Bg2
Re8 29. Rbe1 Rxe1 30. Rxe1 Nc8 31. Qd1 Rh6 32. Qf3 g5 33. Qxb7 Qxb7 34. Bxb7
Nb6 35. b3 Rf6 36. Re5 h6 37. Rxc5 1-0

[Event "I Festival dell'Etna A"]
[Site "Nicolosi ITA"]
[Date "2014.12.08"]
[Round "7"]
[White "Bifulco, Michel"]
[Black "Efimov, Igor"]
[WhiteElo "2110"]
[BlackElo "2409"]
[Result "0-1"]
[PlyCount "76"]
[EventDate "2014.12.05"]

1. g3 d5 2. Bg2 c5 3. f4 g6 4. Nf3 Bg7 5. O-O Nc6 6. d3 Nf6 7. c3 O-O 8. Na3
Rb8 9. Ne5 Qc7 10. Nxc6 Qxc6 11. Qe1 b5 12. Bd2 Bb7 13. h3 Rbe8 14. g4 e5 15.
f5 gxf5 16. Rxf5 Bc8 17. Rg5 h6 18. Rxg7+ Kxg7 19. Bxh6+ Kxh6 20. Qh4+ Kg6 21.
c4 bxc4 22. Nxc4 e4 23. g5 Rh8 24. Qxh8 Rxh8 25. Ne5+ Kxg5 26. Nxc6 Bxh3 27.
Bxh3 Rxh3 28. dxe4 Nxe4 29. Rd1 d4 30. Nxa7 Re3 31. Nc6 Rxe2 32. b4 d3 33. Rxd3
c4 34. Rd1 Rxa2 35. Rc1 Kf4 36. Rf1+ Kg3 37. Rxf7 Ng5 38. Ra7 Nf3+ 0-1

[Event "I Festival dell'Etna A"]
[Site "Nicolosi ITA"]
[Date "2014.12.08"]
[Round "7"]
[White "Biot, Thomas"]
[Black "Baiocchi, Emanuele"]
[WhiteElo "1602"]
[BlackElo "1947"]
[Result "1/2-1/2"]
[PlyCount "39"]
[EventDate "2014.12.05"]

1. e4 Nf6 2. e5 Nd5 3. d4 d6 4. c4 Nb6 5. exd6 exd6 6. Bd3 Be7 7. Ne2 Bg4 8. f3
Bh5 9. b3 Bf6 10. Bb2 Nc6 11. Na3 O-O 12. O-O Re8 13. Nc2 d5 14. f4 Qd7 15. Qd2
Bxe2 16. Bxe2 Rad8 17. c5 Nc8 18. Rae1 N8e7 19. Ne3 Qc8 20. b4 1/2-1/2

[Event "I Festival dell'Etna A"]
[Site "Nicolosi ITA"]
[Date "2014.12.08"]
[Round "7"]
[White "Fabiano, Giuseppe"]
[Black "Favaloro, Andrea"]
[WhiteElo "2015"]
[BlackElo "2026"]
[Result "0-1"]
[PlyCount "82"]
[EventDate "2014.12.05"]

1. d4 Nf6 2. Nf3 g6 3. c3 Bg7 4. Bg5 O-O 5. Nbd2 d6 6. e4 h6 7. Bh4 Nbd7 8. Be2
e5 9. dxe5 dxe5 10. Qc2 b6 11. O-O Qe8 12. b4 Bb7 13. Bc4 Nh5 14. Rad1 Kh8 15.
Rfe1 f5 16. exf5 gxf5 17. Bb5 c6 18. Bf1 b5 19. Bd3 Qf7 20. Nd4 exd4 21. Re7
Qd5 22. c4 bxc4 23. Bxc4 Qd6 24. Rde1 c5 25. R1e6 Qc7 26. Qd1 Nf4 27. Bg3 Rad8
28. Nf3 Nxe6 29. Bxc7 Nxc7 30. Nh4 Rfe8 31. Ng6+ Kh7 32. Qh5 Be4 33. f3 Ba8 34.
Bf7 Nf6 35. Qh4 Rxe7 36. Nxe7 d3 37. Bg6+ Kh8 38. Bxf5 Re8 39. Ng6+ Kg8 40. Qf4
Nfd5 41. Qg4 Bd4+ 0-1

[Event "I Festival dell'Etna A"]
[Site "Nicolosi ITA"]
[Date "2014.12.08"]
[Round "7"]
[White "Furnari, Francesco"]
[Black "Guccione, Cristoforo"]
[WhiteElo "1850"]
[BlackElo "1983"]
[Result "0-1"]
[PlyCount "32"]
[EventDate "2014.12.05"]

1. d4 f5 2. Nc3 d5 3. Nf3 Nf6 4. Bg5 e6 5. e3 Nbd7 6. Bd3 c6 7. h3 Bd6 8. g4 h6
9. gxf5 hxg5 10. fxe6 Nf8 11. Nxg5 Bxe6 12. Nxe6 Nxe6 13. Bg6+ Kd7 14. f4 Qe7
15. Qf3 Nxd4 16. Qf2 Ng4 0-1

[Event "I Festival dell'Etna A"]
[Site "Nicolosi ITA"]
[Date "2014.12.08"]
[Round "7"]
[White "Gangemi, Salvatore"]
[Black "Battaglia, Giuseppe"]
[WhiteElo "2075"]
[BlackElo "1690"]
[Result "1-0"]
[PlyCount "76"]
[EventDate "2014.12.05"]

1. c4 Nf6 2. Nf3 g6 3. g3 Bg7 4. Bg2 O-O 5. Nc3 d6 6. d4 Nc6 7. O-O e5 8. dxe5
dxe5 9. Qxd8 Rxd8 10. Nb5 Ne8 11. Bg5 f6 12. Be3 a6 13. Nc3 Be6 14. b3 Rd7 15.
Na4 e4 16. Nd2 f5 17. Nc5 Bxa1 18. Nxd7 Bd4 19. Nc5 Bxe3 20. fxe3 Bc8 21. Rd1
Nb4 22. Nf1 Nd6 23. Rd2 b6 24. Na4 b5 25. Nc5 bxc4 26. bxc4 Kf7 27. h3 Ke7 28.
Kf2 Nxc4 29. Rd4 Nxa2 30. Rxc4 a5 31. Nxe4 fxe4 32. Rxe4+ Be6 33. Rxe6+ Kxe6
34. Bxa8 a4 35. Nd2 Kd6 36. e4 c6 37. e5+ Kxe5 38. Bxc6 a3 1-0

[Event "I Festival dell'Etna A"]
[Site "Nicolosi ITA"]
[Date "2014.12.08"]
[Round "7"]
[White "Giuffrida, Francesco"]
[Black "Auci, Matteo"]
[WhiteElo "1527"]
[BlackElo "1500"]
[Result "0-1"]
[PlyCount "88"]
[EventDate "2014.12.05"]

1. e4 g6 2. d4 Bg7 3. c4 d6 4. f4 Nd7 5. Nc3 b6 6. Nf3 Bb7 7. Bd3 e5 8. fxe5
dxe5 9. d5 Ne7 10. O-O O-O 11. Be3 f5 12. exf5 Nxf5 13. Bg5 Qe8 14. Ne4 h6 15.
Bc1 Qe7 16. Qe1 Nc5 17. Bc2 Nxe4 18. Bxe4 Qc5+ 19. Kh1 Qxc4 20. b3 Qc5 21. a4
Bxd5 22. Ba3 Qc6 23. Bxd5+ Qxd5 24. Bxf8 Rxf8 25. Qd1 Qxd1 26. Raxd1 Ne3 27.
Rfe1 Nxd1 28. Rxd1 e4 29. Nh4 g5 30. Ng6 Rf7 31. h4 gxh4 32. Nxh4 Bf6 33. Ng6
Kg7 34. Nf4 e3 35. g3 Be5 36. Re1 Bxf4 37. gxf4 Re7 38. Kg2 Kf6 39. Re2 Kf5 40.
Kf3 Re4 41. Rh2 e2 42. Rxe2 Rxe2 43. Kxe2 Kxf4 44. b4 Ke4 0-1

[Event "I Festival dell'Etna A"]
[Site "Nicolosi ITA"]
[Date "2014.12.08"]
[Round "7"]
[White "Gueci, Laura"]
[Black "Lo Piccolo, Antonino"]
[WhiteElo "2010"]
[BlackElo "1875"]
[Result "1-0"]
[PlyCount "25"]
[EventDate "2014.12.05"]

1. c4 e5 2. g3 Nc6 3. Bg2 d6 4. Nc3 f5 5. d3 Nf6 6. Rb1 a5 7. a3 Be7 8. e3 Be6
9. Nd5 O-O 10. Ne2 Rf7 11. O-O Qc8 12. d4 Bf8 13. Nxf6+ 1-0

[Event "I Festival dell'Etna A"]
[Site "Nicolosi ITA"]
[Date "2014.12.08"]
[Round "7"]
[White "Gueci, Tea"]
[Black "Cannella, Carlo"]
[WhiteElo "2018"]
[BlackElo "1931"]
[Result "1/2-1/2"]
[PlyCount "63"]
[EventDate "2014.12.05"]

1. e4 e6 2. d4 d5 3. Nd2 dxe4 4. Nxe4 Nd7 5. Bd3 Ngf6 6. Nxf6+ Nxf6 7. Nf3 h6
8. O-O c5 9. c3 Bd6 10. Re1 O-O 11. Ne5 cxd4 12. cxd4 Bb4 13. Rf1 Bd7 14. Qb3
Qb6 15. Nc4 Qxd4 16. Be3 Qd5 17. Rad1 Qb5 18. Nb6 Qa5 19. Nxd7 Nxd7 20. a3 Bc5
21. Qxb7 Bxe3 22. Qxd7 Bb6 23. Qc6 Qe5 24. Qe4 Qxe4 25. Bxe4 Rad8 26. b3 Rxd1
27. Rxd1 Rd8 28. Rxd8+ Bxd8 29. Kf1 Kf8 30. Ke2 Ke7 31. Kd3 Kd6 32. f4 1/2-1/2

[Event "I Festival dell'Etna A"]
[Site "Nicolosi ITA"]
[Date "2014.12.08"]
[Round "7"]
[White "Iannello, Andrea"]
[Black "Manakova, Maria"]
[WhiteElo "1904"]
[BlackElo "2352"]
[Result "1/2-1/2"]
[PlyCount "79"]
[EventDate "2014.12.05"]

1. Nf3 Nf6 2. g3 d5 3. Bg2 g6 4. b3 c5 5. Bb2 Nc6 6. d4 cxd4 7. Nxd4 Bg7 8. O-O
O-O 9. Nd2 Qb6 10. Nxc6 bxc6 11. c4 Rd8 12. cxd5 cxd5 13. Nf3 Bf5 14. Bd4 Qa6
15. a4 Rdc8 16. Rc1 Be4 17. Bc5 e6 18. Ng5 Bxg2 19. Kxg2 h6 20. Nf3 Ne4 21. Bd4
Rxc1 22. Qxc1 Rc8 23. Qb2 Bxd4 24. Nxd4 Qb6 25. e3 Qb4 26. Rc1 Rxc1 27. Qxc1
Nc3 28. Qc2 Ne4 29. Nc6 Qe1 30. Nd4 a5 31. Nf3 Qa1 32. Nd2 Nc3 33. Nf3 Kg7 34.
h4 Ne4 35. Nd2 Nf6 36. Nf3 e5 37. Qd2 Ng4 38. Qxd5 Qb2 39. Qd2 Qxb3 40. Qxa5
1/2-1/2